Cost control in building design: an interactive learning text (Record no. 38996)

MARC details
000 -LEADER
fixed length control field 00752nam a2200205 a 4500
008 - FIXED-LENGTH DATA ELEMENTS--GENERAL INFORMATION
fixed length control field 100720s1997 ||||||||||||||||| || u
020 ## - INTERNATIONAL STANDARD BOOK NUMBER
International Standard Book Number 9780632040285
050 ## - LIBRARY OF CONGRESS CALL NUMBER
Classification number TH 432 Fla
100 ## - MAIN ENTRY--PERSONAL NAME
Personal name Flanagan, Roger
245 10 - TITLE STATEMENT
Title Cost control in building design: an interactive learning text
Statement of responsibility, etc. by Roger Flanagan and Brian Tate
260 ## - PUBLICATION, DISTRIBUTION, ETC.
Place of publication, distribution, etc. Oxford:
Name of publisher, distributor, etc. Blackwell Science
Date of publication, distribution, etc. 1997
300 ## - PHYSICAL DESCRIPTION
Extent vii, 322p.: ill.
350 ## - PRICE (NR) (BK AM CF MU VM SE) [OBSOLETE]
Price 0.00
500 ## - GENERAL NOTE
General note Includes Index
650 ## - SUBJECT ADDED ENTRY--TOPICAL TERM
Topical term or geographic name entry element BUILDING
650 ## - SUBJECT ADDED ENTRY--TOPICAL TERM
Topical term or geographic name entry element BUILDING--COST CONTROL
650 ## - SUBJECT ADDED ENTRY--TOPICAL TERM
Topical term or geographic name entry element BUILDING--COST MANAGEMENT
700 ## - ADDED ENTRY--PERSONAL NAME
Personal name Tate, Brian
995 ## - RECOMMENDATION 995 [LOCAL, UNIMARC FRANCE]
-- 0.00
-- CBU-MAIN LIBRARY (Kitwe)
-- 1
-- 0.00
-- 1
-- AVAILABLE
-- Aug 18, 2010
-- Main Library Open Access Collection
Holdings
Withdrawn status Lost status Source of classification or shelving scheme Damaged status Not for loan Home library Current library Shelving location Date acquired Total Checkouts Full call number Barcode Date last seen Price effective from Koha item type
          CBU-MAIN LIBRARY, KITWE. CBU-MAIN LIBRARY, KITWE.   11/30/2022   TH 432 Fla 741370 11/30/2022 11/30/2022 MONOGRAPH